| 000 | 01509cas a2200373 a 4500 | ||
|---|---|---|---|
| 001 | data | ||
| 008 | data | ||
| 005 | 20260322212120.0 | ||
| 010 |
_a 93647867 _zsn 88012322 |
||
| 035 | _a(OCoLC)13173688 | ||
| 040 |
_aNDD _beng _cNDD _dOCLCL _dHUL _dNYG _dDLC _dSYS _dOCLCQ _dOCLCF _dOCLCO _dOCLCQ _dOCLCL |
||
| 042 | _apcc | ||
| 050 | 0 | 0 |
_aAS242 _b.B3415 |
| 082 | 0 | 4 |
_a706 _bqA169b _1https://id.oclc.org/worldcat/ddc/E3dXjGxrrXqmgvq6wJrjj37dtF |
| 245 | 0 | 0 |
_aMémoires de la Classe des beaux-arts. _pCollection in-4o. |
| 246 | 3 | 0 | _aCollection in-4o |
| 260 |
_aBruxelles : _bPalais des Académies, _c1974- |
||
| 300 |
_avolumes : _billustrations ; _c29 cm |
||
| 336 |
_atext _btxt _2rdacontent |
||
| 337 |
_aunmediated _bn _2rdamedia |
||
| 338 |
_avolume _bnc _2rdacarrier |
||
| 362 | 0 | _a2. sér., t. 14, fasc. 1- | |
| 588 | _aLatest issue consulted: 2. sér., t. 15, fasc. 2, published in 1991. | ||
| 650 | 0 | _aArts. | |
| 650 | 7 |
_aArts. _2fast _0(OCoLC)fst00817721 |
|
| 710 | 2 |
_aAcadémie royale des sciences, des lettres et des beaux-arts de Belgique. _bClasse des beaux-arts. |
|
| 780 | 0 | 0 |
_tMémoires. Collection in-4o _w(OCoLC)1775002 _w(OCoLC)1775002 |
| 785 | 0 | 0 |
_tPublication de la Classe des beaux-arts. Collection in-4o _x0775-3276 _w(OCoLC)41223166 _w(OCoLC)41223166 |
| 906 |
_a7 _bcbc _cserials _du _encip _f19 _gn-oclcserc |
||
| 991 |
_bc-GenColl _hAS242 _i.B3415 _wSERIALS |
||
| 999 |
_c1829 _d1829 |
||